[Event "Belgrade Radnicki Schev"]
[Site "Belgrade"]
[Date "2023.01.28"]
[Round "4.1"]
[White "Bozinovic, Boban"]
[Black "Maric, Dragan"]
[Result "1/2-1/2"]
[WhiteElo "1982"]
[BlackElo "2008"]
[PlyCount "28"]
[EventDate "2023.01.25"]
[EventType "schev"]
[EventRounds "6"]
[EventCountry "SRB"]
[SourceTitle "CBM 212 Extra"]
[Source "ChessBase"]
[SourceDate "2023.03.31"]
[SourceVersion "1"]
[SourceVersionDate "2023.03.31"]
[SourceQuality "1"]
[WhiteTeam "Team B"]
[BlackTeam "Team A"]
[WhiteTeamCountry "IND"]
[BlackTeamCountry "SRB"]

1. e4 c6 2. d4 d5 3. Nc3 dxe4 4. Nxe4 Nd7 5. Ng5 Ngf6 6. Bd3 e6 7. N1f3 Bd6 8. Qe2 h6 9. Ne4 Nxe4 10. Qxe4 Nf6 11. Qe2 0-0 12. 0-0 b6 13. Re1 Bb7 14. Ne5 Rc8 1/2-1/2

[Event "Belgrade-chT Quality"]
[Site "Belgrade"]
[Date "2022.10.11"]
[Round "10.2"]
[White "Jakovljevic, Vlado"]
[Black "Maric, Dragan"]
[Result "1-0"]
[WhiteElo "2355"]
[BlackElo "1999"]
[PlyCount "99"]
[EventDate "2022.10.01"]
[EventType "team-tourn"]
[EventRounds "11"]
[EventCountry "SRB"]
[SourceTitle "EXT 2024"]
[Source "ChessBase"]
[SourceDate "2023.10.10"]
[SourceVersion "1"]
[SourceVersionDate "2023.10.10"]
[SourceQuality "1"]
[WhiteTeam "Belgrade Partizan"]
[BlackTeam "Belgrade PTT"]
[WhiteTeamCountry "SRB"]
[BlackTeamCountry "SRB"]

1. Nf3 c5 2. c4 Nc6 3. d4 cxd4 4. Nxd4 Nf6 5. Nc3 e6 6. a3 Bc5 7. Nb3 Be7 8. e4 0-0 9. Be2 b6 10. Be3 Ba6 11. f4 d6 12. Bd3 Rc8 13. Qe2 Rc7 14. 0-0 Qc8 15. Rac1 Rd8 16. Rfd1 Na5 17. Nxa5 bxa5 18. Nb5 Bxb5 19. cxb5 d5 20. Rxc7 Qxc7 21. Rc1 Qb7 22. e5 Nd7 23. Qc2 Nf8 24. Qc7 Rd7 25. Qxa5 d4 26. Bd2 Bd8 27. Qa6 Qd5 28. Rc4 g5 29. Qc6 gxf4 30. Qxd5 exd5 31. Rc6 Ne6 32. Bf5 Kg7 33. Bxe6 fxe6 34. Rxe6 Bb6 35. Kf2 Rc7 36. Rc6 Rf7 37. Kf3 d3 38. Rd6 Bd4 39. Rxd5 Bxb2 40. a4 Kg6 41. e6 Rf6 42. Rxd3 Rxe6 43. Bxf4 Bf6 44. Be3 a6 45. b6 Re7 46. Rd6 Kf7 47. Rc6 Be5 48. h3 a5 49. Rc5 Ke6 50. Rxa5 1-0

[Event "Belgrade-chT Quality"]
[Site "Belgrade"]
[Date "2022.10.05"]
[Round "5.2"]
[White "Maric, Dragan"]
[Black "Petrekanovic, Miroslav"]
[Result "1/2-1/2"]
[WhiteElo "1999"]
[BlackElo "2148"]
[PlyCount "56"]
[EventDate "2022.10.01"]
[EventType "team-tourn"]
[EventRounds "11"]
[EventCountry "SRB"]
[SourceTitle "CBM 210 Extra"]
[Source "ChessBase"]
[SourceDate "2022.11.30"]
[SourceVersion "1"]
[SourceVersionDate "2022.11.30"]
[SourceQuality "1"]
[WhiteTeam "Belgrade PTT"]
[BlackTeam "Belgrade Banjica"]
[WhiteTeamCountry "SRB"]
[BlackTeamCountry "SRB"]

1. d4 d5 2. c4 e5 3. dxe5 d4 4. Nf3 Nc6 5. g3 Nge7 6. Bg2 Ng6 7. 0-0 Ngxe5 8. Qa4 Nd7 9. Rd1 Nc5 10. Qc2 Be7 11. a3 a5 12. Nc3 a4 13. Nb5 Nb3 14. Rb1 0-0 15. Bf4 Qd7 16. e3 Qf5 17. e4 Qh5 18. Nbxd4 Bg4 19. Nxb3 Bxf3 20. Bxf3 Qxf3 21. Nd4 Nxd4 22. Rxd4 Bc5 23. Qd1 Qxd1+ 24. Rdxd1 Rfe8 25. Rd7 Rxe4 26. Rxc7 b6 27. Rd1 Bd4 28. Rd2 f6 1/2-1/2

[Event "Belgrade-chT Quality"]
[Site "Belgrade"]
[Date "2022.10.03"]
[Round "3.2"]
[White "Kotronias, Vasilios"]
[Black "Maric, Dragan"]
[Result "1-0"]
[WhiteElo "2459"]
[BlackElo "1999"]
[PlyCount "32"]
[EventDate "2022.10.01"]
[EventType "team-tourn"]
[EventRounds "11"]
[EventCountry "SRB"]
[SourceTitle "CBM 210 Extra"]
[Source "ChessBase"]
[SourceDate "2022.11.30"]
[SourceVersion "1"]
[SourceVersionDate "2022.11.30"]
[SourceQuality "1"]
[WhiteTeam "Belgrade Crvena Zvezda"]
[BlackTeam "Belgrade PTT"]
[WhiteTeamCountry "SRB"]
[BlackTeamCountry "SRB"]

1. e4 c5 2. Nc3 Nc6 3. Nf3 e5 4. Bc4 d6 5. d3 Be6 6. Nd5 Qd7 7. Ng5 0-0-0 8. a3 h6 9. Nxe6 fxe6 10. Ne3 Nf6 11. 0-0 d5 12. Ba2 g5 13. c3 Bg7 14. b4 cxb4 15. axb4 d4 16. b5 dxe3 1-0

[Event "Belgrade-chT Quality"]
[Site "Belgrade"]
[Date "2022.10.01"]
[Round "1.2"]
[White "Tosic, Srecko"]
[Black "Maric, Dragan"]
[Result "1-0"]
[WhiteElo "2313"]
[BlackElo "1999"]
[PlyCount "85"]
[EventDate "2022.10.01"]
[EventType "team-tourn"]
[EventRounds "11"]
[EventCountry "SRB"]
[SourceTitle "CBM 210 Extra"]
[Source "ChessBase"]
[SourceDate "2022.11.30"]
[SourceVersion "1"]
[SourceVersionDate "2022.11.30"]
[SourceQuality "1"]
[WhiteTeam "Belgrade Mirijevo"]
[BlackTeam "Belgrade PTT"]
[WhiteTeamCountry "SRB"]
[BlackTeamCountry "SRB"]

1. e4 c5 2. Nf3 d6 3. d4 cxd4 4. Nxd4 Nf6 5. Nc3 a6 6. g3 Nc6 7. Bg2 Bd7 8. 0-0 e6 9. a4 Be7 10. Nb3 0-0 11. f4 Qc7 12. a5 Rfc8 13. Be3 Be8 14. Qe2 Nb4 15. Bb6 Qc4 16. Qd1 d5 17. e5 Nd7 18. Bf2 Qc7 19. Qd2 b6 20. f5 bxa5 21. Nd4 Nxe5 22. fxe6 Nc4 23. Qe2 f6 24. Nxd5 Nxd5 25. Bxd5 Rab8 26. b3 Ne5 27. Be3 a4 28. bxa4 Kh8 29. c4 Nxc4 30. Rfc1 Rb4 31. Nf5 Qe5 32. Nxe7 Nxe3 33. Rxc8 Qxa1+ 34. Kf2 Ng4+ 35. Kg2 Qxa4 36. Bc6 Ne3+ 37. Kh3 g5 38. Rxe8+ Kg7 39. Bxa4 g4+ 40. Qxg4+ Nxg4 41. Rg8+ Kh6 42. Nf5+ Kh5 43. Be8# 1-0

[Event "Belgrade Radnicki Scheveningen"]
[Site "Belgrade"]
[Date "2022.01.11"]
[Round "10.5"]
[White "Maric, Dragan"]
[Black "Sargaeva, Darima"]
[Result "1-0"]
[WhiteElo "2075"]
[BlackElo "1629"]
[PlyCount "36"]
[EventDate "2022.01.02"]
[EventType "schev"]
[EventRounds "10"]
[EventCountry "SRB"]
[SourceTitle "CBM 206 Extra"]
[Source "ChessBase"]
[SourceDate "2022.03.31"]
[SourceVersion "1"]
[SourceVersionDate "2022.03.31"]
[SourceQuality "1"]
[WhiteTeam "Team B"]
[BlackTeam "Team A"]
[WhiteTeamCountry "SRB"]
[BlackTeamCountry "SRB"]

1. d4 Nf6 2. c4 c5 3. d5 b5 4. cxb5 a6 5. f3 d6 6. e4 g6 7. Nc3 Bg7 8. Bg5 0-0 9. Qd2 axb5 10. Bxb5 Ba6 11. Bxa6 Nxa6 12. Nh3 Qb6 13. 0-0 Rfb8 14. Rab1 Nc7 15. Bh6 Nb5 16. Nxb5 Qxb5 17. Bxg7 Kxg7 18. a3 Qb3 1-0

[Event "Belgrade Radnicki Scheveningen"]
[Site "Belgrade"]
[Date "2022.01.07"]
[Round "6.4"]
[White "Maric, Dragan"]
[Black "Tykheev, Aldar"]
[Result "0-1"]
[WhiteElo "2075"]
[BlackElo "1738"]
[PlyCount "102"]
[EventDate "2022.01.02"]
[EventType "schev"]
[EventRounds "10"]
[EventCountry "SRB"]
[SourceTitle "CBM 206 Extra"]
[Source "ChessBase"]
[SourceDate "2022.03.31"]
[SourceVersion "1"]
[SourceVersionDate "2022.03.31"]
[SourceQuality "1"]
[WhiteTeam "Team B"]
[BlackTeam "Team A"]
[WhiteTeamCountry "SRB"]
[BlackTeamCountry "SRB"]

1. d4 d5 2. c4 e6 3. Nc3 c6 4. e4 dxe4 5. Nxe4 Bb4+ 6. Bd2 Qxd4 7. Bxb4 Qxe4+ 8. Be2 a5 9. Bd6 Nh6 10. Bxb8 Rxb8 11. Qd6 Ra8 12. Rd1 Qh4 13. Nf3 Qe7 14. c5 Nf5 15. Qxe7+ Nxe7 16. 0-0 Nd5 17. Ne5 f6 18. Nc4 e5 19. Bf3 Be6 20. Rd2 Ke7 21. Rfd1 Rhd8 22. Bxd5 Rxd5 23. Nb6 Rxd2 24. Rxd2 Rd8 25. Rxd8 Kxd8 26. b3 f5 27. f3 Ke7 28. Kf2 Kf6 29. Ke3 g5 30. Na4 h5 31. Nc3 Bd5 32. h3 Ke6 33. g4 h4 34. gxf5+ Kxf5 35. Nd1 e4 36. fxe4+ Bxe4 37. Nf2 Bg2 38. a3 Ke5 39. b4 Kd5 40. Kd3 axb4 41. axb4 Bf1+ 42. Ke3 Kc4 43. Kf3 Kxb4 44. Kg4 Kxc5 45. Kxg5 b5 46. Kxh4 b4 47. Ne4+ Kd4 48. Nd2 Be2 49. Kg3 Kd3 50. Nb3 Kc3 51. Nc1 Bc4 0-1

[Event "Belgrade Radnicki Scheveningen"]
[Site "Belgrade"]
[Date "2022.01.05"]
[Round "4.1"]
[White "Maric, Dragan"]
[Black "Darmaeva, Nomina"]
[Result "1-0"]
[WhiteElo "2075"]
[BlackElo "1773"]
[PlyCount "109"]
[EventDate "2022.01.02"]
[EventType "schev"]
[EventRounds "10"]
[EventCountry "SRB"]
[SourceTitle "CBM 206 Extra"]
[Source "ChessBase"]
[SourceDate "2022.03.31"]
[SourceVersion "1"]
[SourceVersionDate "2022.03.31"]
[SourceQuality "1"]
[WhiteTeam "Team B"]
[BlackTeam "Team A"]
[WhiteTeamCountry "SRB"]
[BlackTeamCountry "SRB"]

1. d4 d5 2. c4 e6 3. Nc3 c6 4. e4 dxe4 5. Nxe4 Bb4+ 6. Bd2 Qxd4 7. Bxb4 Qxe4+ 8. Be2 a5 9. Bd6 Nd7 10. Nf3 Nh6 11. 0-0 Qg6 12. Re1 c5 13. Bd3 Qf6 14. Qa4 Nf5 15. Be5 Qg6 16. Nh4 Qg5 17. Nxf5 0-0 18. f4 Qd8 19. Nd6 f6 20. Bc3 Nb6 21. Qd1 f5 22. Nxc8 Qxc8 23. Qe2 Re8 24. Qe5 Qd7 25. Rad1 Qf7 26. Qxc5 Na4 27. Qa3 Nxc3 28. Qxc3 Qc7 29. Re5 b6 30. Rde1 Kf7 31. Qd4 Rad8 32. Qe3 Qd7 33. Bxf5 exf5 34. Rxe8 Rxe8 35. Qxe8+ Qxe8 36. Rxe8 Kxe8 37. Kf2 Kd7 38. Ke3 Kc6 39. Kd4 Kd6 40. b3 g6 41. a3 Kc6 42. b4 axb4 43. axb4 Kd6 44. c5+ bxc5+ 45. bxc5+ Kc6 46. Kc4 h6 47. h4 Kc7 48. Kd5 Kd7 49. c6+ Kc7 50. Kc5 Kc8 51. Kd6 Kd8 52. g3 h5 53. Ke6 Kc7 54. Kf6 Kxc6 55. Kxg6 1-0

[Event "Belgrade Trophy 35th"]
[Site "Belgrade"]
[Date "2021.12.02"]
[Round "9"]
[White "Maric, Dragan"]
[Black "Crnkovic, Predrag"]
[Result "1/2-1/2"]
[WhiteElo "2085"]
[BlackElo "1803"]
[PlyCount "26"]
[EventDate "2021.11.24"]
[EventType "swiss"]
[EventRounds "9"]
[EventCountry "SRB"]
[SourceTitle "EXT 2023"]
[Source "ChessBase"]
[SourceDate "2022.10.05"]
[SourceVersion "1"]
[SourceVersionDate "2022.10.05"]
[SourceQuality "1"]

1. e4 c5 2. Nf3 d6 3. c3 Nf6 4. h3 Nc6 5. Bd3 g6 6. Bc2 Bg7 7. d4 cxd4 8. cxd4 0-0 9. Nc3 e5 10. 0-0 h6 11. Be3 exd4 12. Nxd4 d5 13. exd5 Nxd5 1/2-1/2

[Event "Belgrade Trophy 35th"]
[Site "Belgrade"]
[Date "2021.11.26"]
[Round "3"]
[White "Maric, Dragan"]
[Black "Mrdak, Milomir"]
[Result "1/2-1/2"]
[WhiteElo "2085"]
[BlackElo "1901"]
[PlyCount "44"]
[EventDate "2021.11.24"]
[EventType "swiss"]
[EventRounds "9"]
[EventCountry "SRB"]
[SourceTitle "CBM 205 Extra"]
[Source "ChessBase"]
[SourceDate "2022.01.31"]
[SourceVersion "1"]
[SourceVersionDate "2022.01.31"]
[SourceQuality "1"]

1. e4 d6 2. d4 Nf6 3. Nc3 e5 4. dxe5 dxe5 5. Qxd8+ Kxd8 6. Bg5 Be6 7. 0-0-0+ Bd6 8. f4 Ke8 9. Nf3 Ng4 10. Bb5+ Bd7 11. Rhe1 f6 12. fxe5 Nxe5 13. Be3 a6 14. Be2 Nbc6 15. Nd5 b5 16. h3 Be6 17. g4 Nxf3 18. Bxf3 Ne5 19. Be2 h6 20. Rg1 Bxd5 21. exd5 g5 22. Bd3 Ke7 1/2-1/2

[Event "Belgrade Premier League"]
[Site "Belgrade"]
[Date "2021.10.09"]
[Round "8.3"]
[White "Maric, Dragan"]
[Black "Budisavljevic, Luka"]
[Result "0-1"]
[WhiteElo "2073"]
[BlackElo "2508"]
[PlyCount "110"]
[EventDate "2021.10.01"]
[EventType "team-tourn"]
[EventRounds "11"]
[EventCountry "SRB"]
[SourceTitle "CBM 204 Extra"]
[Source "ChessBase"]
[SourceDate "2021.11.30"]
[SourceVersion "1"]
[SourceVersionDate "2021.11.30"]
[SourceQuality "1"]
[WhiteTeam "Belgrade PTT"]
[BlackTeam "Belgrade Partizan"]
[WhiteTeamCountry "SRB"]
[BlackTeamCountry "SRB"]

1. e4 c5 2. Nf3 e6 3. d4 cxd4 4. Nxd4 Nc6 5. Nb5 d6 6. c4 Nf6 7. N1c3 a6 8. Nd4 Bd7 9. Be2 Rc8 10. b3 Qa5 11. Nxc6 Bxc6 12. Bd2 Qe5 13. f3 d5 14. cxd5 exd5 15. exd5 Nxd5 16. Nxd5 Bxd5 17. Rc1 Bc6 18. Bc3 Qg5 19. 0-0 Ba3 20. Bd2 Qf6 21. Rc4 0-0 22. Bc3 Qh6 23. Qd2 Qxd2 24. Bxd2 Rfe8 25. Kf2 b5 26. Rc2 Rxe2+ 27. Kxe2 Bxf3+ 28. Rxf3 Rxc2 29. Rd3 f6 30. Rd8+ Kf7 31. Kd3 Rxa2 32. Rd7+ Kg6 33. g4 Bb2 34. h4 h6 35. Rd5 Be5 36. g5 Rb2 37. b4 Rb3+ 38. Kc2 Rh3 39. gxh6 gxh6 40. Be1 Re3 41. Bd2 Re4 42. h5+ Kxh5 43. Rd7 Kg6 44. Ra7 h5 45. Rxa6 h4 46. Ra3 Kf5 47. Rf3+ Kg4 48. Rf1 h3 49. Kd3 Rd4+ 50. Ke2 h2 51. Be1 Re4+ 52. Kd3 Rf4 53. Rh1 Kh3 54. Bd2 Rd4+ 55. Ke2 Kg2 0-1

[Event "Belgrade Premier League"]
[Site "Belgrade"]
[Date "2021.10.04"]
[Round "4.5"]
[White "Maric, Dragan"]
[Black "Mijatovic, Dusan"]
[Result "1-0"]
[WhiteElo "2073"]
[BlackElo "2073"]
[PlyCount "47"]
[EventDate "2021.10.01"]
[EventType "team-tourn"]
[EventRounds "11"]
[EventCountry "SRB"]
[SourceTitle "CBM 204 Extra"]
[Source "ChessBase"]
[SourceDate "2021.11.30"]
[SourceVersion "1"]
[SourceVersionDate "2021.11.30"]
[SourceQuality "1"]
[WhiteTeam "Belgrade PTT"]
[BlackTeam "Belgrade Bogoslov"]
[WhiteTeamCountry "SRB"]
[BlackTeamCountry "SRB"]

1. e4 c5 2. Nf3 d6 3. c3 Nf6 4. h3 Nc6 5. Bd3 g5 6. Nxg5 Rg8 7. Nf3 Rxg2 8. Bf1 Rg8 9. d3 Qc7 10. Bg5 Be6 11. c4 Bg7 12. Nc3 Nd7 13. Qd2 0-0-0 14. 0-0-0 Nde5 15. Nh4 Nd4 16. Qe3 Ng6 17. Ng2 Qa5 18. Kb1 b5 19. Nd5 Bxd5 20. cxd5 b4 21. Qc1 Kc7 22. Ne3 Rb8 23. Nc4 Qa6 24. Be3 1-0

[Event "Belgrade Premier League"]
[Site "Belgrade"]
[Date "2021.10.02"]
[Round "2.6"]
[White "Maric, Dragan"]
[Black "Dimic, Pavle"]
[Result "1/2-1/2"]
[WhiteElo "2073"]
[BlackElo "2334"]
[PlyCount "81"]
[EventDate "2021.10.01"]
[EventType "team-tourn"]
[EventRounds "11"]
[EventCountry "SRB"]
[SourceTitle "CBM 204 Extra"]
[Source "ChessBase"]
[SourceDate "2021.11.30"]
[SourceVersion "1"]
[SourceVersionDate "2021.11.30"]
[SourceQuality "1"]
[WhiteTeam "Belgrade PTT"]
[BlackTeam "Belgrade Napredak"]
[WhiteTeamCountry "SRB"]
[BlackTeamCountry "SRB"]

1. e4 c5 2. Nf3 d6 3. c3 Nf6 4. h3 Nc6 5. Bd3 d5 6. e5 c4 7. Bc2 Nd7 8. Qe2 Qc7 9. e6 fxe6 10. Qxe6 Nf6 11. Qe2 e5 12. d3 cxd3 13. Bxd3 Bd6 14. Nxe5 Nxe5 15. f4 0-0 16. fxe5 Bxe5 17. 0-0 Bd7 18. Nd2 Rae8 19. Qd1 Qc5+ 20. Kh1 Bc7 21. Nb3 Qe7 22. Bf4 Bb6 23. Nd4 Ne4 24. Bxe4 Qxe4 25. Qd2 Bxh3 26. Bd6 Rxf1+ 27. Rxf1 Qg6 28. Qf2 Bxg2+ 29. Qxg2 Qxd6 30. Qxg7+ Kxg7 31. Nf5+ Kg6 32. Nxd6 Re2 33. b4 Rxa2 34. Nxb7 Rc2 35. Rd1 Rxc3 36. Rxd5 Rc4 37. b5 Rd4 38. Rxd4 Bxd4 39. Nd8 Bb6 40. Nc6 Kf6 41. Nxa7 1/2-1/2

[Event "Belgrade Premier League"]
[Site "Belgrade"]
[Date "2021.10.01"]
[Round "1.1"]
[White "Maric, Dragan"]
[Black "Andrijevic, Milan"]
[Result "1/2-1/2"]
[WhiteElo "2073"]
[BlackElo "2195"]
[PlyCount "62"]
[EventDate "2021.10.01"]
[EventType "team-tourn"]
[EventRounds "11"]
[EventCountry "SRB"]
[SourceTitle "CBM 204 Extra"]
[Source "ChessBase"]
[SourceDate "2021.11.30"]
[SourceVersion "1"]
[SourceVersionDate "2021.11.30"]
[SourceQuality "1"]
[WhiteTeam "Belgrade PTT"]
[BlackTeam "Romanticari"]
[WhiteTeamCountry "SRB"]
[BlackTeamCountry "SRB"]

1. e4 c5 2. Nf3 e6 3. d4 cxd4 4. Nxd4 a6 5. Bd3 Nc6 6. Nxc6 dxc6 7. 0-0 e5 8. Nd2 Nf6 9. Nc4 Qc7 10. Be3 b5 11. Nb6 Rb8 12. Nxc8 Rxc8 13. a4 Bd6 14. axb5 axb5 15. Ra7 Qb8 16. Qa1 0-0 17. Qa6 Rc7 18. Ra1 Rxa7 19. Qxa7 h6 20. Qxb8 Rxb8 21. f3 Kf8 22. Ra6 Rc8 23. Bxb5 cxb5 24. Rxd6 Rxc2 25. b4 Rb2 26. Bc5 Kg8 27. g4 Rb1+ 28. Kg2 Rb2+ 29. Kg3 Rb3 30. Kg2 Rb2+ 31. Kg3 Rb3 1/2-1/2

[Event "Belgrade Spring op"]
[Site "Belgrade"]
[Date "2021.04.04"]
[Round "3"]
[White "Maric, Dragan"]
[Black "Draskovic, Luka"]
[Result "1/2-1/2"]
[WhiteElo "2121"]
[BlackElo "2472"]
[PlyCount "102"]
[EventDate "2021.04.02"]
[EventType "swiss"]
[EventRounds "9"]
[EventCountry "SRB"]
[SourceTitle "CBM 202 Extra"]
[Source "ChessBase"]
[SourceDate "2021.07.31"]
[SourceVersion "1"]
[SourceVersionDate "2021.07.31"]
[SourceQuality "1"]

1. e4 c5 2. Nf3 d6 3. c3 Nf6 4. h3 g6 5. Bd3 Bg7 6. Bc2 Nc6 7. 0-0 0-0 8. Re1 e5 9. d4 Qc7 10. d5 Nb8 11. c4 Ne8 12. Nc3 Qe7 13. Bg5 f6 14. Bh4 Bh6 15. a3 Na6 16. Rb1 Ng7 17. Nh2 Nh5 18. f3 Bg5 19. Bf2 f5 20. b4 Bh4 21. Qd2 Bxf2+ 22. Qxf2 f4 23. Nf1 Nf6 24. Ba4 Bd7 25. Bb5 Rfc8 26. Bxa6 bxa6 27. Nd2 Be8 28. Qe2 Qc7 29. b5 axb5 30. cxb5 c4 31. Rec1 Nd7 32. a4 a5 33. bxa6 Rxa6 34. Nb5 Qc5+ 35. Qf2 Qxf2+ 36. Kxf2 Nc5 37. Rxc4 Bxb5 38. axb5 Ra2 39. Ke2 Kf8 40. b6 Ke7 41. Rc3 Kd7 42. Kd1 Rca8 43. Rc2 Rxc2 44. Kxc2 Ra2+ 45. Rb2 Rxb2+ 46. Kxb2 Na4+ 47. Kc2 Nxb6 48. Kd3 Kc7 49. Nf1 Na4 50. g4 g5 51. Nd2 Nb2+ 1/2-1/2

[Event "Belgrade Radnicki IM"]
[Site "Belgrade"]
[Date "2021.02.10"]
[Round "1"]
[White "Maric, Dragan"]
[Black "Khubukshanov, Erdem"]
[Result "0-1"]
[WhiteElo "2143"]
[BlackElo "2293"]
[PlyCount "32"]
[EventDate "2021.02.10"]
[EventType "tourn"]
[EventRounds "9"]
[EventCountry "SRB"]
[SourceTitle "CBM 200 Extra"]
[Source "ChessBase"]
[SourceDate "2021.03.31"]
[SourceVersion "1"]
[SourceVersionDate "2021.03.31"]
[SourceQuality "1"]

1. e4 c5 2. c3 Nf6 3. e5 Nd5 4. d4 cxd4 5. Qxd4 e6 6. Nf3 Nc6 7. Qe4 f5 8. exf6 Nxf6 9. Qe2 Bc5 10. Be3 Bxe3 11. Qxe3 0-0 12. Be2 Nd5 13. Qd2 Nf4 14. 0-0 d5 15. Na3 e5 16. Rac1 e4 0-1

[Event "Belgrade Trophy 34th"]
[Site "Belgrade"]
[Date "2020.12.01"]
[Round "8"]
[White "Stojkovic, Nenad P"]
[Black "Maric, Dragan"]
[Result "1-0"]
[WhiteElo "2104"]
[BlackElo "2159"]
[PlyCount "55"]
[EventDate "2020.11.24"]
[EventType "swiss"]
[EventRounds "9"]
[EventCountry "SRB"]
[SourceTitle "CBM 199 Extra"]
[Source "ChessBase"]
[SourceDate "2021.01.31"]
[SourceVersion "1"]
[SourceVersionDate "2021.01.31"]
[SourceQuality "1"]

1. d4 Nf6 2. c4 g6 3. Nc3 d5 4. cxd5 Nxd5 5. e4 Nxc3 6. bxc3 Bg7 7. Bc4 0-0 8. Ne2 c5 9. Be3 Nc6 10. Qd2 Qa5 11. Rd1 Rd8 12. 0-0 Bg4 13. f3 Bd7 14. Qb2 b5 15. Bd5 cxd4 16. Nxd4 Rdc8 17. Nb3 Qc7 18. Nc5 e6 19. Bb3 Nb8 20. Qd2 Rd8 21. f4 Bf8 22. Qf2 Rc8 23. Nd3 Bc6 24. f5 Bxe4 25. fxe6 Kh8 26. Bd4+ f6 27. Qxf6+ Bg7 28. Qf8+ 1-0

[Event "Belgrade Trophy 34th"]
[Site "Belgrade"]
[Date "2020.11.25"]
[Round "2"]
[White "Tsvetkov, Andrey1111"]
[Black "Maric, Dragan"]
[Result "1-0"]
[WhiteElo "2395"]
[BlackElo "2159"]
[PlyCount "109"]
[EventDate "2020.11.24"]
[EventType "swiss"]
[EventRounds "9"]
[EventCountry "SRB"]
[SourceTitle "CBM 199 Extra"]
[Source "ChessBase"]
[SourceDate "2021.01.31"]
[SourceVersion "1"]
[SourceVersionDate "2021.01.31"]
[SourceQuality "1"]

1. d4 Nf6 2. c4 g6 3. Nc3 d5 4. Nf3 Bg7 5. Qb3 dxc4 6. Qxc4 0-0 7. e4 Na6 8. Be2 c5 9. d5 e6 10. 0-0 exd5 11. exd5 Re8 12. Rd1 Bf5 13. Bf4 Ne4 14. Bd3 Nd6 15. Bxd6 Bxd3 16. Rxd3 Qxd6 17. Nb5 Qd7 18. Rd2 h5 19. h3 Bh6 20. Rdd1 b6 21. Nc3 Nc7 22. d6 Ne6 23. Ne5 Qb7 24. d7 Red8 25. Nxf7 Kxf7 26. Rd6 Qxd7 27. Rxd7+ Rxd7 28. Re1 Re8 29. Qa4 Ree7 30. Nb5 Bg7 31. Re2 Nd4 32. Rxe7+ Rxe7 33. Nc3 a5 34. Nd5 Re1+ 35. Kh2 Be5+ 36. f4 Ke6 37. Nc7+ Bxc7 38. Qe8+ Kd5 39. Qxe1 Bxf4+ 40. Kh1 g5 41. h4 gxh4 42. Qxh4 Be5 43. Qxh5 c4 44. g4 b5 45. g5 Nf5 46. Qf7+ Ke4 47. Qb7+ Kf4 48. Qxb5 c3 49. bxc3 Bxc3 50. Qc4+ Bd4 51. Qa4 Kxg5 52. Qxa5 Kg4 53. Qd5 Be3 54. a4 Bf4 55. a5 1-0

[Event "Belgrade-chT"]
[Site "Belgrade"]
[Date "2020.10.10"]
[Round "6.1"]
[White "Jocev, Milan"]
[Black "Maric, Dragan"]
[Result "0-1"]
[WhiteElo "2258"]
[BlackElo "2153"]
[PlyCount "100"]
[EventDate "2020.10.04"]
[EventType "team-tourn"]
[EventRounds "9"]
[EventCountry "SRB"]
[SourceTitle "EXT 2022"]
[Source "ChessBase"]
[SourceDate "2021.10.06"]
[SourceVersion "1"]
[SourceVersionDate "2021.10.06"]
[SourceQuality "1"]
[WhiteTeam "Mirjevo"]
[BlackTeam "Belgrade PTT"]
[WhiteTeamCountry "SRB"]
[BlackTeamCountry "SRB"]

1. d4 Nf6 2. Nf3 g6 3. g3 Bg7 4. Bg2 0-0 5. 0-0 d5 6. Bf4 c6 7. Nbd2 h6 8. h3 Be6 9. c3 Nbd7 10. Qb3 Qc8 11. Qa3 Re8 12. Rfe1 Ne4 13. Nxe4 dxe4 14. Nd2 g5 15. Be3 Nf6 16. Nxe4 Bxh3 17. Nc5 Bxg2 18. Kxg2 Ng4 19. Qb3 b6 20. Nd3 e5 21. dxe5 c5 22. Qd5 c4 23. Bd4 cxd3 24. exd3 Qf5 25. Qe4 Qxe4+ 26. Rxe4 f5 27. Re2 Re7 28. f4 gxf4 29. gxf4 Rd8 30. a4 Rd5 31. a5 Rxa5 32. Rxa5 bxa5 33. Bc5 Rb7 34. d4 Bf8 35. b4 axb4 36. cxb4 Bxc5 37. bxc5 Rb3 38. Ra2 h5 39. c6 h4 40. c7 h3+ 41. Kf1 Rb1+ 42. Ke2 Rc1 43. Rxa7 h2 44. Ra1 Rxc7 45. d5 Kf7 46. d6 Rb7 47. Kf3 Ke6 48. Kg2 Rb2+ 49. Kh1 Rb4 50. Rf1 Re4 0-1

[Event "Belgrade Radnicki"]
[Site "Belgrade"]
[Date "2019.12.11"]
[Round "9"]
[White "Maric, Dragan"]
[Black "Brankovic, Vladislav"]
[Result "1/2-1/2"]
[WhiteElo "2161"]
[BlackElo "2231"]
[PlyCount "22"]
[EventDate "2019.12.03"]
[EventType "tourn"]
[EventRounds "9"]
[EventCountry "SRB"]
[SourceTitle "CBM 193 Extra"]
[Source "ChessBase"]
[SourceDate "2020.01.31"]
[SourceVersion "1"]
[SourceVersionDate "2020.01.31"]
[SourceQuality "1"]

1. Nf3 d5 2. d4 Nf6 3. c4 c6 4. Nc3 e6 5. e3 Bd6 6. Bd3 Nbd7 7. 0-0 0-0 8. Bd2 dxc4 9. Bxc4 b5 10. Bb3 a6 11. Rc1 Bb7 1/2-1/2

[Event "Belgrade Radnicki"]
[Site "Belgrade"]
[Date "2019.12.05"]
[Round "3"]
[White "Maric, Dragan"]
[Black "Ivanovic, Marko"]
[Result "1-0"]
[WhiteElo "2161"]
[BlackElo "2221"]
[PlyCount "59"]
[EventDate "2019.12.03"]
[EventType "tourn"]
[EventRounds "9"]
[EventCountry "SRB"]
[SourceTitle "CBM 193 Extra"]
[Source "ChessBase"]
[SourceDate "2020.01.31"]
[SourceVersion "1"]
[SourceVersionDate "2020.01.31"]
[SourceQuality "1"]

1. Nf3 c5 2. e4 Nc6 3. Bb5 g6 4. 0-0 Bg7 5. Re1 e5 6. Bxc6 dxc6 7. d3 Qc7 8. a3 Nf6 9. b4 Be6 10. bxc5 h6 11. c3 0-0-0 12. d4 Nd7 13. Qc2 f5 14. Nbd2 f4 15. Bb2 g5 16. Nb3 g4 17. Nh4 Nf8 18. Nf5 Qf7 19. Na5 f3 20. Nd6+ Rxd6 21. cxd6 fxg2 22. Rad1 Ng6 23. d5 cxd5 24. exd5 Bd7 25. Qb3 b6 26. Qc4+ Bc6 27. Qxc6+ Kb8 28. d7 bxa5 29. Rb1 Bf8 30. Qc8# 1-0